01049cam a2200265 a 450000100060000000300080000600500170001400800410003103500190007204000290009104100080012008200260012810000200015424501310017426000650030530000340037049000700040450400320047465000520050665000430055865000600060165100410066183000130070283000680071513023BD-RjUL20211208235407.0140130s1971 ilua bs 000 0 eng  a(BD-RjUL)13073 aLCbengcLCdLCdBD-RjUL aeng04a362.1097731bPYH 19711 aPyle, Gerald F.10aHeart disease, cancer, and stroke in Chicago :ba geographical analysis with facilities, plans, for 1980 /cby Gerald F. Pyle. aChicago :bUniversity of Chicago, Dept. of Geography,c1971. axxi, 292 p. :billus.c23 cm.1 aUniversity of Chicago. Dept. of Geography. Research paper no. 134 aBibliography: p. [285]-292. 0aHeartxDiseaseszIllinoiszChicagoxStatistics. 0aCancerzIllinoiszChicagoxStatistics. 0aCerebrovascular diseasezIllinoiszChicagoxStatistics. 0aChicago (Ill.)xStatistics, Medical. 0vno. 134. 0aResearch paper (University of Chicago. Department of Geography)